00494nam a2200193Ia 450000500170000000800410001702000100005804000190006804100120008708200130009910000160011224500450012826000410017330000180021450400300023265000120026270000160027485000100029020240613105431.0131103s9999 xx 000 0 und d cRs.16 aLoreto College aEnglish a574bJOR aJordan, E L aAnimal BiologycE L Jordan and H C Nigam aLucknowbHindustani Book Depotc1970 a630p.b ills. aincludes glossary & index aScience aNigam, H C  aLCBED